|
|
|
|
| LEADER |
02098nam a2200577 i 4500 |
| 001 |
nkc20233552029 |
| 003 |
CZ PrNK |
| 005 |
20231213093149.0 |
| 007 |
ta |
| 008 |
231023s2023 xr a e f 000 0 pol |
| 015 |
|
|
|a cnb003552029
|
| 020 |
|
|
|a 978-80-7370-637-1
|q (brožováno)
|
| 035 |
|
|
|a (OCoLC)1408816225
|
| 040 |
|
|
|a ABA001
|b cze
|e rda
|
| 041 |
1 |
|
|a pol
|h eng
|
| 072 |
|
7 |
|a 133
|x Ezoterismus. Okultismus
|2 Konspekt
|9 17
|
| 080 |
|
|
|a 636.8
|2 MRF
|
| 080 |
|
|
|a 133.3:794.43
|2 MRF
|
| 080 |
|
|
|a (035)
|2 MRF
|
| 080 |
|
|
|a (0.026.6)794.43
|2 MRF
|
| 100 |
1 |
|
|a Weatherstone, Lunaea,
|d 1955-
|7 jo2016924483
|4 aut
|
| 245 |
1 |
0 |
|a Tarot mistycznych kotów /
|c Lunaea Weatherstone ; ilustracje Mickie Mueller ; tłumaczyła: Beata Piecychna
|
| 246 |
1 |
4 |
|a Opowieści mistycznych kotów
|
| 250 |
|
|
|a Wydanie pierwsze
|
| 264 |
|
1 |
|a Praha :
|b Synergie,
|c 2023
|
| 300 |
|
|
|a 229 stran :
|b ilustrace ;
|c 13 cm +
|e 78 barevných vykládacích karet (13 x 8 cm)
|
| 336 |
|
|
|a text
|b txt
|2 rdacontent
|
| 336 |
|
|
|a statický obraz
|b sti
|2 rdacontent
|
| 337 |
|
|
|a bez média
|b n
|2 rdamedia
|
| 338 |
|
|
|a svazek
|b nc
|2 rdacarrier
|
| 338 |
|
|
|a karta
|b no
|2 rdacarrier
|
| 500 |
|
|
|a Přeloženo z angličtiny
|
| 500 |
|
|
|a Brožura a karty uloženy ve společné kartonové krabici (14 x 9 x 5 cm)
|
| 650 |
0 |
7 |
|a kočky
|7 ph115000
|2 czenas
|
| 650 |
0 |
7 |
|a tarot
|7 ph116402
|2 czenas
|
| 650 |
0 |
7 |
|a vykládání karet
|7 ph138942
|2 czenas
|
| 650 |
0 |
9 |
|a cats
|2 eczenas
|
| 650 |
0 |
9 |
|a tarot
|2 eczenas
|
| 650 |
0 |
9 |
|a fortune telling by cards
|2 eczenas
|
| 655 |
|
7 |
|a příručky
|7 fd133209
|2 czenas
|
| 655 |
|
7 |
|a vykládací karty
|7 fd133822
|2 czenas
|
| 655 |
|
9 |
|a handbooks and manuals
|2 eczenas
|
| 655 |
|
9 |
|a fortune telling cards
|2 eczenas
|
| 700 |
1 |
|
|a Mueller, Mickie,
|d 1965-
|7 jo2016924477
|4 ill
|
| 700 |
1 |
|
|a Piecychna, Beata
|7 mzk20231181801
|4 trl
|
| 765 |
0 |
|
|t Tales of the mystical cats
|9 Polsky
|
| 765 |
0 |
|
|t Mystical cats tarot
|9 Polsky
|
| 910 |
2 |
|
|a BOA001
|b Z-1517.451
|
| 990 |
|
|
|a BK
|
| 995 |
|
|
|a 01
|
| 996 |
6 |
|
|b 2610954880
|c Z-1517.451
|l MZK
|r Sklad / do 24 hodin
|n 0
|p p.v.
|w 001947449
|u 000010
|a 1
|e BOA001
|j MZK50
|s P
|